|
|
|
|
| LEADER |
00720pam a22002298a 4500 |
| 001 |
00021506 |
| 005 |
20171026081025.0 |
| 008 |
110525s1987 ||||||Viesd |
| 041 |
0 |
# |
|a Vie
|
| 082 |
1 |
4 |
|a 843
|b TH107TR
|
| 100 |
0 |
# |
|a Gioocgio Simơnông
|
| 245 |
0 |
0 |
|a Thanh tra Megrê
|c Gioocgio Simơnông
|
| 260 |
# |
# |
|a [kxđ]
|b Pháp Lý
|c 1987
|
| 300 |
# |
# |
|a 171 tr.
|c 19 cm.
|
| 650 |
# |
4 |
|a Bỉ
|
| 650 |
# |
4 |
|a Văn học hiện đại
|
| 653 |
# |
# |
|a Tiểu thuyết trinh thám
|
| 852 |
# |
# |
|b Kho mượn
|j KM.0010805
|
| 852 |
# |
# |
|b Kho đọc
|j KD.0006537
|
| 852 |
# |
# |
|j KD.0006537
|j KM.0010805
|
| 910 |
0 |
# |
|a kìm
|d 25/05/2011
|
| 980 |
# |
# |
|a Trung tâm Học liệu Lê Vũ Hùng, Trường Đại học Đồng Tháp
|